Povedať Turecku nie?

Bibliographic Details
Main Author: Daniška, Jaroslav, 1977- (Author)
Format: Article
Language:Slovak
PhysicalDescription:Fotogr.
ISSN:1336-5932
Subjects:
Online Access:http://www.tyzden.sk/casopis/2010/39/povedat-turecku-slovenske-nie.html

MARC

LEADER 00000nab a2200000 a 4500
001 vtls010174989
003 SK-MaSNL
005 20260426090521.0
008 140515c2010 xo ||||||||||||00 b|slo
015 |a SNBRB2010/10  |2 snkbucl 
040 |a SNKBUCL  |b slo  |c SNKBUCL  |e AACR2 
041 0 |a slo 
044 |a xo  |c SK 
080 |a 327  |x (437.6:4)  |2 2001 
080 |a 327  |x (4:560)  |2 2001 
100 1 |a Daniška, Jaroslav,  |d 1977-  |4 aut  |9 12499 
245 1 0 |a Povedať Turecku nie?  |c Jaroslav Daniška 
300 |b Fotogr. 
500 |a On-line verzia: ISSN 1336-653X 
610 2 7 |a Európska únia  |2 snkbucl  |9 29861 
650 0 7 |a vládna politika  |2 snkbucl  |9 29298 
651 7 |a Slovensko  |2 snkbucl  |9 14231 
651 7 |a Turecko  |2 snkbucl  |9 16927 
655 7 |a poznámky  |2 snkbucl  |9 285558 
773 0 |t Týždeň  |g Roč. VII, č. 39 (2010), s. 28-29 a 31  |x 1336-5932 
852 |a SNK  |b KIS3GCP 
856 4 1 |u http://www.tyzden.sk/casopis/2010/39/povedat-turecku-slovenske-nie.html 
958 |a SK 
958 |a TR 
999 |c 2994121  |d 2996051